LEADER 01271nam 2200421 450 001 9910154269503321 005 20230213222809.0 010 $a1-4574-8563-X 035 $a(CKB)3710000000920032 035 $a(MiAaPQ)EBC4727547 035 $a(EXLCZ)993710000000920032 100 $a20161122h19851985 uy 0 101 0 $aeng 135 $aurcnu|||||||| 181 $2rdacontent 182 $2rdamedia 183 $2rdacarrier 200 10$a36 eight-measure vocalises for elementary teaching $eopus 92 for soprano /$fFerdinand Sieber 210 1$a[Los Angeles, California] :$cKalmus,$d[1985] 210 4$d©[1985] 215 $a1 online resource (22 pages) $cillustrations 225 1 $aKalmus Classic Edition 311 $a0-7692-9341-7 410 0$aKalmus classic edition. 517 3 $aThirty-six eight-measure vocalises for elementary teaching 606 $aAuthors, American 606 $aSoprano voice 615 0$aAuthors, American. 615 0$aSoprano voice. 676 $a810.9003 700 $aSieber$b Ferdinand$01275337 801 0$bMiAaPQ 801 1$bMiAaPQ 801 2$bMiAaPQ 906 $aBOOK 912 $a9910154269503321 996 $a36 eight-measure vocalises for elementary teaching$93005423 997 $aUNINA LEADER 01245nam a2200325 i 4500 001 991000917739707536 005 20020507175832.0 008 931012s1989 uk ||| | eng 020 $a0521352762 035 $ab10775614-39ule_inst 035 $aLE01304299$9ExL 040 $aDip.to Matematica$beng 082 0 $a515.84 084 $aAMS 39B 084 $aAMS 39B40 (1985) 084 $aLC QA431.A334 100 1 $aAczél, Janos$0334673 245 10$aFunctional equations in several variables :$bwith applications to mathematics, information theory and to the natural and social sciences /$cJ. Aczél, J. Dhombres 260 $aCambridge :$bCambridge University Press,$c1989 300 $axiii, 462 p. ;$c24 cm. 490 0 $aEncyclopedia of mathematics and its applications ;$v31 650 0$aFunctional equations 650 0$aFunctions of real variables 700 1 $aDhombres, Jean G. 907 $a.b10775614$b23-02-17$c28-06-02 912 $a991000917739707536 945 $aLE013 39B ACZ12 (1989)$g1$i2013000003955$lle013$o-$pE0.00$q-$rl$s- $t0$u6$v1$w6$x0$y.i10874483$z28-06-02 996 $aFunctional equations in several variables$9922873 997 $aUNISALENTO 998 $ale013$b01-01-93$cm$da $e-$feng$guk $h0$i1 LEADER 05646nam 22007215 450 001 9910906194103321 005 20250807153236.0 010 $a9783031654596 010 $a3031654595 024 7 $a10.1007/978-3-031-65459-6 035 $a(CKB)36549450200041 035 $a(MiAaPQ)EBC31776488 035 $a(Au-PeEL)EBL31776488 035 $a(DE-He213)978-3-031-65459-6 035 $a(EXLCZ)9936549450200041 100 $a20241111d2024 u| 0 101 0 $aeng 135 $aur||||||||||| 181 $ctxt$2rdacontent 182 $cc$2rdamedia 183 $acr$2rdacarrier 200 10$aProbiotics as Live Biotherapeutics for Veterinary and Human Health, Volume 2 $eFunctional Foods and Post-Genomics /$fby Birbal Singh, Gorakh Mal, Rajkumar Singh Kalra, Francesco Marotta 205 $a1st ed. 2024. 210 1$aCham :$cSpringer Nature Switzerland :$cImprint: Springer,$d2024. 215 $a1 online resource (829 pages) 311 08$a9783031654589 311 08$a3031654587 320 $aIncludes bibliographical references and index. 327 $aPart 1: Biomedical and Nutritional Benefits of Probiotics for Human Health -- Chapter 1: Novel Insights into the Human Microbiome and its Functions -- Chapter 2: The Human Gut Microbiome as Source of Therapeutics -- Chapter 3: Probiotics in Pediatric and Neonate Health Care -- Chapter 4: Probiotics in Allergy Prevention -- Chapter 5: Probiotics in Oral Health Halitosis, Dental Caries and Periodontitis -- Chapter 6: Probiotics for Skin Health -- Chapter 7: Probiotics in Reproductive Health -- Chapter 8: Probiotics in Inflammatory Bowel Disease -- Chapter 9: Probiotic Therapies for Skeleton and Bone Health -- Chapter 10: Probiotics to Prevent Life-style and Metabolic Diseases -- Chapter 11: Probiotic Interventions in Cancer Prevention -- Chapter 12: Probiotics as Anti-aging Interventions -- Chapter 13: Non-conventional Therapies Against Drug-resistance -- Chapter 14: Probiotics Against Pulmonary Diseases -- Chapter 15: Gut-liver Axis Probiotic Interventions -- Chapter 16: Gut-brain Axis Probiotics as Psychobiotics -- Chapter 17: Anti-Parasitic Properties of Probiotics -- Chapter 18: Mobilizing Microbiota and Their Metabolites as Therapeutics -- Chapter 19: Probiotics and Synbiotics in Perioperative Treatments -- Chapter 20: Human Microbiome, Virome and Microbial Therapies Against COVID-19 -- Part 2: Post-Genomic Technologies in Probiotics Sciences and Genome Engineering -- Chapter 21: Engineering Microbes for Health and Therapeutic Applications -- Chapter 22: Synthetic Biology Toolbox Developing Microbial Therapeutics -- Chapter 23: Synthetic Microbes to Modulate the Gut Ecosystem -- Chapter 24: Genetic Engineering and Genome-editing of Probiotic Microbes -- Chapter 25: Designer Probiotics and Postbiotics -- Chapter 26: Probiotics as Next Generation Mucosal Vaccine Vectors -- Chapter 27: Bacteriocins and Antimicrobial Peptides of Probiotics -- Chpater 28: Probiotics and Their Immunomodulatory Properties -- Chapter 29: Omics Technologies in Drug Discovery and Therapeutics -- Chapter 30: Proteomic Unraveling of Probiotics -- Chapter 31: Prediction of Gut Microbe-Host Interaction -- Chapter 32: Nutrigenomics, Metabolomics and Lipidomics in Probiotic Sciences -- Part 3: Biosafety Aspects and Future Prospects of Biotherapeutics -- Chapter 33: Evaluation of Probiotics and Safety Considerations -- Chapter 34: Guidelines for Use of Probiotics -- Chapter 35: Health Claims and Probiotic Recommendations -- Chapter 36: Fecal Microbiota Transplantation. 330 $aThis Volume 2 of a two-volume work provides an up-to-date overview of the latest advances in live biotherapeutics research, engineered and genome-edited probiotics. It focuses on key areas within probiotics and microbiome studies in human medicine, including their translation into commercial applications. The book is divided into three sections, comprising (I) biomedical and nutritional benefits of probiotics for human health, (II) post-genomic technologies in probiotics sciences and genome engineering, and (III) biosafety aspects and prospects of biotherapeutics. The broad spectrum of industry-relevant contributions makes this work a valuable resource for industry professionals as well as researchers in functional food and feed biotechnology, applied microbiology and gastroenterology. Presenting novel and evidence-based research, this volume will drive the commercial enterprise and meets the great demand for good probiotic products in the human medical sector. . 606 $aFood$xMicrobiology 606 $aNutrition 606 $aBiotechnology 606 $aPhysiology 606 $aVeterinary medicine 606 $aVeterinary microbiology 606 $aFood Microbiology 606 $aNutrition 606 $aBiotechnology 606 $aAnimal Physiology 606 $aVeterinary Science 606 $aVeterinary Microbiology 615 0$aFood$xMicrobiology. 615 0$aNutrition. 615 0$aBiotechnology. 615 0$aPhysiology. 615 0$aVeterinary medicine. 615 0$aVeterinary microbiology. 615 14$aFood Microbiology. 615 24$aNutrition. 615 24$aBiotechnology. 615 24$aAnimal Physiology. 615 24$aVeterinary Science. 615 24$aVeterinary Microbiology. 676 $a612.32 700 $aSingh$b Birbal$0963292 801 0$bMiAaPQ 801 1$bMiAaPQ 801 2$bMiAaPQ 906 $aBOOK 912 $a9910906194103321 996 $aProbiotics as Live Biotherapeutics for Veterinary and Human Health, Volume 2$94430455 997 $aUNINA